Rozpoznaj ptaki - Statystyki

Ogólne statystyki
  • Ten quiz został rozwiązany 60 razy
  • Średni wynik to 17 z 20
Statystyki odpowiedzi
Obrazkowy Odpowiedź % Poprawnych
Bocian
100%
Gołąb (Miejski)
100%
Krzyżówka (Kaczka)
100%
Łabędź
100%
Papuga (Ara)
100%
Dudek
98%
Gil
98%
Kruk
98%
Sroka
98%
Orzeł
95%
Wróbel
90%
Gawron
85%
Kawka
85%
Kos
85%
Sikora (Bogatka)
85%
Jaskółka (Dymówka)
80%
Szpak
76%
Mazurek
49%
Czyż
46%
Kopciuszek
34%
Nie znaleziono quizów pasujących do podanych kryteriów
Rozkład punktacji
Procent ludzi z każdym wynikiem
Percentyl według liczby udzielonych odpowiedzi
Twoja historia wyników
Nie rozwiązałeś tego quizu